| 000 | 00790nam a22002412a 4500 | ||
|---|---|---|---|
| 999 |
_c5828 _d5828 |
||
| 001 | 5828 | ||
| 003 | BD-JhCC | ||
| 005 | 20171227164519.0 | ||
| 008 | 500101s1968 nr 000 0 eng d | ||
| 035 | _a(BD-JhCC)5828 | ||
| 040 |
_aEUN _cEUN _dEQO |
||
| 041 | _aeng | ||
| 082 |
_a425 _bBOA 1968 |
||
| 100 | 1 | _aBoadi, L. A. | |
| 245 | 1 | 0 |
_aGrammatical structure and its teaching : _ban account of some representative patterns of English grammatical structure, with notes on their teaching / _c[by] L.A. Boadi, D.W. Grieve, Bridget Nwankwo |
| 260 |
_aLagos : _bAfrican Universities Press, _c1968. |
||
| 300 |
_a280 p. : _c21 cm. |
||
| 650 | 0 |
_aEnglish language _xGrammar _xStudy and teaching |
|
| 700 | 1 | _aGrieve, D. W. | |
| 700 | 1 | _aNwankwo, Bridget. | |
| 942 |
_2ddc _cBK |
||